[Event "Norway Masters blitz 6th"]
[Site "Stavanger"]
[Date "2018.05.27"]
[Round "8"]
[White "Ding, Liren"]
[Black "Karjakin, Sergey"]
[Result "1-0"]
[WhiteElo "2791"]
[BlackElo "2782"]
[PlyCount "65"]
[EventDate "2018.05.27"]
[EventType "tourn (blitz)"]
[EventRounds "9"]
[EventCountry "NOR"]
[EventCategory "22"]
[SourceTitle "CBM 185"]
[Source "ChessBase"]
[SourceDate "2018.07.13"]
[SourceVersion "1"]
[SourceVersionDate "2018.07.13"]
[SourceQuality "1"]

1. Nf3 c5 2. g3 Nc6 3. Bg2 Nf6 4. O-O e5 5. d3 d5 6. e4 d4 7. a4 Be7 8. Na3 O-O ({RR} 8... Be6 9. Ng5 Bg4 10. f3 Bh5 11. Nc4 Nd7 12. Nh3 f6 13. Nf2 O-O 14. h4 Bf7 15. Bh3 Nb6 16. b3 Nxc4 17. bxc4 Bd6 18. f4 exf4 19. gxf4 Qc7 20. Nh1 Kh8 21. Ng3 g6 22. Qf3 Rae8 23. Kh1 {Nakamura,H (2768)-Carlsen,M (2852) chess.com INT 2023 ½-½ (60)}) ({RR} 8... Be6 9. Nd2 O-O 10. h3 Ne8 11. f4 f6 12. f5 Bf7 13. g4 a6 14. Nac4 b5 15. axb5 axb5 16. Rxa8 Qxa8 17. Nb6 Qb7 18. Nd5 Bd8 19. h4 Ne7 20. g5 Nxd5 21. exd5 Bxd5 22. Ne4 fxg5 23. hxg5 {Martin Rueda,D (2266)-George,K (2288) chess.com INT 2025 0-1 (35)}) ({RR} 8... Be6 9. Ng5 Bg4 10. f3 Bc8 11. f4 Ng4 12. Nf3 exf4 13. gxf4 f5 14. e5 O-O 15. h3 Nh6 16. Nc4 Be6 17. Bd2 Nf7 18. Kh2 Kh8 19. Qe1 Qd7 20. Qg3 Bd5 21. Rg1 Rg8 22. Rae1 Ncd8 23. e6 {Ding,L (2791)-Anand,V (2760) Stavanger 2018 0-1 (40)}) 9. Nc4 Nd7 10. Nfd2 $146 ({RR} 10. c3 f6 11. a5 Rb8 12. Nh4 b5 13. axb6 Nxb6 14. Na5 Nxa5 15. Rxa5 a6 16. Nf5 Kh8 17. cxd4 cxd4 18. Bd2 Be6 19. Nxe7 Qxe7 20. Rxa6 Nd7 21. b4 Rfc8 22. f4 Qf7 23. Ra3 Ra8 24. Ra5 Rxa5 {Almeida Quintana,O (2527)-Martinez Martin,D (2385) chess.com INT 2023 1-0 (34)}) ({RR} 10. Bd2 Rb8 11. Qe2 b6 12. Bh3 Qc7 13. c3 Na5 14. Bxd7 Nxc4 15. Bxc8 Nxd2 16. Nxd2 Rbxc8 17. Nc4 Rfe8 18. Qg4 Bf6 19. cxd4 exd4 20. Rfe1 Rcd8 21. f4 Be7 22. e5 a6 23. Rac1 Bf8 24. e6 b5 {Junge,K (2232)-Zierke,O (2233) Germany 2016 ½-½ (59)}) 10... Nb6 11. f4 exf4 12. gxf4 f5 13. Ne5 Nxe5 14. fxe5 f4 15. a5 Nd7 16. Nc4 Bg5 17. h4 Bh6 18. Qh5 Qe7 19. Bd2 Rb8 20. Rf2 b5 21. axb6 axb6 22. Bh3 Bb7 23. Ra7 Kh8 24. e6 Nf6 25. Qe5 Ra8 26. Rxa8 Rxa8 27. Bxf4 Bxf4 28. Rxf4 h6 29. Nd6 Bc6 30. Nf5 Qe8 31. Nxg7 Qg6+ 32. Kh2 Ra1 33. Bg2 1-0

[Event "Titled Tuesday intern op 5th June"]
[Site "Chess.com INT"]
[Date "2018.06.05"]
[Round "6"]
[White "Matlakov, Maxim"]
[Black "Kovalenko, Igor"]
[Result "1-0"]
[WhiteElo "2699"]
[BlackElo "2632"]
[PlyCount "71"]
[EventDate "2018.06.05"]
[EventType "swiss (blitz)"]
[EventRounds "10"]
[EventCountry "USA"]
[SourceTitle "EXT 2021"]
[Source "ChessBase"]
[SourceDate "2020.10.23"]
[SourceVersion "1"]
[SourceVersionDate "2020.10.23"]
[SourceQuality "1"]

1. Nf3 d5 2. g3 c6 3. Bg2 Bg4 4. O-O e6 5. h3 Bxf3 ({RR} 5... Bh5 6. d4 Nf6 7. c4 Nbd7 8. cxd5 exd5 9. Qb3 Qb6 10. Qe3+ Be7 11. Nh4 Bg6 12. Nc3 Kf8 13. Nxg6+ hxg6 14. Qd3 Re8 15. Rb1 Kg8 16. b4 a6 17. Re1 Nf8 18. e4 dxe4 19. Nxe4 Nxe4 20. Rxe4 {Vachier Lagrave,M (2758)-Kramnik,V (2777) Berlin 2015 ½-½ (63)}) 6. Bxf3 Nd7 ({RR} 6... Nf6 7. d4 Nbd7 8. c4 Bd6 9. Qb3 Rb8 10. Nc3 O-O 11. Rd1 Qe7 12. Bg2 a6 13. a4 a5 14. Bd2 Bb4 15. e3 Rfe8 16. Rac1 Rbd8 17. Ne2 Bxd2 18. Rxd2 Nf8 19. Rcd1 Qc7 20. Nf4 Ng6 21. Nd3 {Matlakov,M (2674)-Yevseev,D (2474) St Petersburg 2021 1-0 (49)}) 7. d4 $146 ({RR} 7. b3 Bd6 8. Bb2 Ne7 9. e4 O-O 10. d3 a5 11. Nd2 a4 12. c4 Qa5 13. Rc1 axb3 14. axb3 Ba3 15. Bxa3 Qxa3 16. exd5 exd5 17. Re1 Qd6 18. Qc2 Rac8 19. Bg2 Rfe8 20. h4 g6 21. Bh3 f5 {Rodriguez Turino,L (2301)-Gonzalez Cruz,H (1911) Camaguey 2018 1-0}) ({RR} 7. Bg2 Ngf6 8. d3 Bd6 9. Nd2 a5 10. a4 O-O 11. e4 Qe7 12. Qe2 dxe4 13. dxe4 e5 14. Nc4 Bc7 15. Ne3 Rfd8 16. Qc4 Nf8 17. c3 Qe6 18. Qxe6 Nxe6 19. Nc4 Nc5 20. Bg5 Rd7 21. Bxf6 gxf6 {Astafurov,A (2263)-Wadsworth,M (2460) chess.com INT 2024 0-1 (52)}) ({RR} 7. d3 Ngf6 8. Bg2 Bc5 9. Nd2 a5 10. a4 Qc7 11. e3 O-O 12. Qe2 e5 13. e4 Rfe8 14. Nf3 Bf8 15. Re1 dxe4 16. dxe4 Nc5 17. Qc4 Rab8 18. Bg5 b5 19. axb5 cxb5 20. Qc3 b4 21. Qc4 Nfd7 {Oparin,G (2613)-Saric,I (2695) St Petersburg 2018 1-0 (59)}) 7... h5 8. c4 f5 9. Nc3 h4 10. g4 g6 11. cxd5 exd5 12. Bf4 Ngf6 13. e3 Kf7 14. Qc2 fxg4 15. hxg4 Nb6 16. e4 Qd7 17. Be5 Bg7 18. Rae1 Rae8 19. Qe2 h3 20. g5 Nxe4 21. Bxe4 dxe4 22. Nxe4 Nc8 23. f4 h2+ 24. Kh1 Qd5 25. f5 Bxe5 26. dxe5 Ne7 27. fxg6+ Kg7 28. Rf7+ Kxg6 29. Ref1 Ng8 30. Qf3 Rxe5 31. Rf4 Rh5 32. Qg4 Rhxg5 33. Qf3 Rh5 34. Rg4+ Kh7 35. Qf8 Ref5 36. Qg7# 1-0

[Event "Titled Tuesday intern op 5th June"]
[Site "Chess.com INT"]
[Date "2018.06.05"]
[Round "6"]
[White "Sjugirov, Sanan"]
[Black "Predke, Alexandr"]
[Result "1-0"]
[WhiteElo "2663"]
[BlackElo "2613"]
[PlyCount "59"]
[EventDate "2018.06.05"]
[EventType "swiss (blitz)"]
[EventRounds "10"]
[EventCountry "USA"]
[SourceTitle "EXT 2021"]
[Source "ChessBase"]
[SourceDate "2020.10.23"]
[SourceVersion "1"]
[SourceVersionDate "2020.10.23"]
[SourceQuality "1"]

1. Nf3 Nf6 2. g3 b6 3. Bg2 Bb7 4. O-O c5 5. d3 d5 6. Nbd2 d4 7. e4 dxe3 8. fxe3 g6 9. e4 ({RR} 9. Qe2 Bg7 10. e4 O-O 11. Nc4 Nc6 12. c3 b5 13. Ne3 e6 14. Nc2 Qb6 15. Kh1 e5 16. Be3 Nd7 17. b4 Rac8 18. Bh3 f5 19. Ng5 Ne7 20. Bg2 h6 21. Nh3 Qd6 22. a3 a6 23. Rad1 Kh7 {Antonova,N (1913)-Bogumil,T (2182) Moscow 2019 1-0 (34)}) 9... Bg7 10. a4 $146 ({RR} 10. Qe2 Nc6 11. Nc4 O-O 12. Bh3 b5 13. Na3 a6 14. Be3 c4 15. Rfd1 cxd3 16. cxd3 Bc8 17. Bxc8 Rxc8 18. Rac1 Ng4 19. Rb1 Nxe3 20. Qxe3 Nd4 21. Kh1 Qd6 22. Nxd4 Bxd4 23. Qe2 Qe5 24. Rd2 Rfd8 {Oddone,C (2231)-Sosa Harrison,J (2254) Asuncion 2009 0-1 (64)}) 10... O-O 11. Nc4 Nc6 12. Qe2 Ng4 13. c3 Ba6 14. e5 Rc8 15. Bf4 h5 16. Rad1 Qd7 17. h3 Nh6 18. Ng5 Nd8 19. Ne3 Ne6 20. Nxe6 Qxe6 21. g4 hxg4 22. hxg4 Rfd8 23. Bf3 Kf8 24. c4 Rd4 25. Bd5 Qd7 26. e6 Qd8 27. Bxh6 Bxh6 28. Rxf7+ Kg8 29. Qh2 Bg7 30. Rdf1 1-0

[Event "Titled Tuesday intern op 5th June"]
[Site "Chess.com INT"]
[Date "2018.06.05"]
[Round "10"]
[White "Petrosian, Tigran L"]
[Black "Andreikin, Dmitry"]
[Result "1-0"]
[WhiteElo "2613"]
[BlackElo "2702"]
[PlyCount "103"]
[EventDate "2018.06.05"]
[EventType "swiss (blitz)"]
[EventRounds "10"]
[EventCountry "USA"]
[SourceTitle "EXT 2021"]
[Source "ChessBase"]
[SourceDate "2020.10.23"]
[SourceVersion "1"]
[SourceVersionDate "2020.10.23"]
[SourceQuality "1"]

1. Nf3 b6 2. g3 Bb7 3. Bg2 Nf6 4. O-O g6 5. d3 Bg7 6. e4 O-O 7. Re1 ({RR} 7. Nh4 c5 8. e5 Bxg2 9. exf6 Bxf1 10. fxg7 Kxg7 11. Qxf1 Nc6 12. Nf3 d5 13. b3 e5 14. Bb2 f6 15. Nbd2 Qd7 16. c4 d4 17. Re1 Rae8 18. a3 Rf7 19. Nh4 g5 20. Ng2 h6 21. h4 Rfe7 {Nenezic,M (2492)-Caruana,F (2796) chess.com INT 2024 0-1 (48)}) ({RR} 7. e5 Ne8 8. Re1 c5 9. c3 Nc7 10. d4 d6 11. exd6 exd6 12. Bg5 Qd7 13. dxc5 dxc5 14. Na3 Ne6 15. Qxd7 Nxd7 16. Rad1 Bc6 17. Be7 Rfe8 18. Bd6 Rad8 19. h4 b5 20. Nc2 Nb6 21. Ne5 Bxg2 {Petrosian,T (2573)-Abdusattorov,N (2633) Warsaw 2021 0-1 (39)}) 7... c5 8. Nc3 ({RR} 8. Nbd2 d6 9. c3 Nc6 10. a3 Qd7 11. d4 d5 12. exd5 Nxd5 13. dxc5 Rfd8 14. cxb6 axb6 15. Qb3 Na5 16. Qc2 Rac8 17. Ne5 Qd6 18. Ndf3 f6 19. Nxg6 hxg6 20. Qxg6 f5 21. Re6 Nxc3 22. Bh6 Ne2+ {Grischuk,A (2771)-Donchenko,A (2600) Chess.com INT 2019 1-0}) 8... d6 9. a4 Nc6 $146 ({RR} 9... a6 10. h3 Nc6 11. Be3 e5 12. Nh4 Nd4 13. f4 exf4 14. Bxf4 Nh5 15. Nf3 Nxf4 16. gxf4 Qf6 17. Nxd4 Qxd4+ 18. Kh1 Rae8 19. Qd2 Bh6 20. Ne2 Qf2 21. Rf1 Qh4 22. Qe1 Qd8 23. Qg3 f5 24. Nc3 {Ramirez,V (2104)-Tari,A (2672) Chess.com INT 2022 0-1 (51)}) ({RR} 9... a6 10. h3 Nc6 11. Be3 e5 12. Nh4 Nd4 13. f4 exf4 14. Bxf4 Nh5 15. Nf3 Nxf4 16. gxf4 Qf6 17. Nxd4 Qxd4+ 18. Kh1 Rae8 19. Qd2 Bh6 20. Ne2 Qf2 21. Rf1 Qh4 22. Qe1 Qd8 23. Qg3 f5 24. Nc3 {Ramirez,V (2104)-Tari,A (2672) Chess.com INT 2022 0-1 (51)}) 10. Bf4 Nd7 11. Qd2 Nd4 12. Nxd4 cxd4 13. Nb5 a6 14. Na3 Qc7 15. Bh6 Rac8 16. Bxg7 Kxg7 17. f4 e5 18. Nc4 b5 19. axb5 axb5 20. Na5 Nc5 21. Rf1 f6 22. Qb4 Qb6 23. Kh1 Na6 24. Qd2 Nc5 25. Qb4 Na6 26. Qd2 Nc5 27. Rf2 Ra8 28. b4 Na4 29. Raf1 Nc3 30. g4 Rae8 31. g5 Bc8 32. gxf6+ Rxf6 33. fxe5 Rxf2 34. Qxf2 Be6 35. Qf6+ Kg8 36. Nb3 Qd8 37. Nxd4 Qxf6 38. Rxf6 Bd7 39. Rxd6 Re7 40. e6 Be8 41. Kg1 Kf8 42. Kf2 Ra7 43. Rd8 Ke7 44. Rc8 Na2 45. c3 Ra3 46. Ne2 g5 47. Bh3 Bh5 48. Rc7+ Kd8 49. Rd7+ Ke8 50. Nd4 g4 51. Nf5 gxh3 52. Rxh7 1-0

[Event "Leuven GCT blitz"]
[Site "Leuven"]
[Date "2018.06.15"]
[Round "5"]
[White "So, Wesley"]
[Black "Giri, Anish"]
[Result "1-0"]
[WhiteElo "2778"]
[BlackElo "2782"]
[PlyCount "75"]
[EventDate "2018.06.12"]
[EventType "tourn (blitz)"]
[EventRounds "18"]
[EventCountry "BEL"]
[EventCategory "22"]
[SourceTitle "CBM 185"]
[Source "ChessBase"]
[SourceDate "2018.07.13"]
[SourceVersion "1"]
[SourceVersionDate "2018.07.13"]
[SourceQuality "1"]

1. Nf3 d5 2. b3 Nf6 3. Bb2 g6 4. c4 dxc4 5. bxc4 Bg7 6. g3 O-O 7. Bg2 c5 8. O-O Nc6 9. Ne5 Na5 10. Qc2 Nd7 ({RR} 10... Bf5 11. d3 Qc8 12. Bc3 Nc6 13. Nxc6 bxc6 14. Nd2 Bh3 15. Rab1 Bxg2 16. Kxg2 h5 17. h4 Qg4 18. Nf3 Qf5 19. Bxf6 Bxf6 20. Rb7 Rfb8 21. Rfb1 Qc8 22. Qb3 Rxb7 23. Qxb7 Kf8 24. Nd2 e6 25. Qxc8+ {Demidov,M (2549)-Shandrygin,N (2209) chess.com INT 2024 1-0 (31)}) 11. Nxd7 Bxd7 12. Bxg7 Kxg7 13. Bxb7 $146 ({RR} 13. d3 Bc6 14. Qb2+ Qd4 15. Qxd4+ cxd4 16. Nd2 Bxg2 17. Kxg2 Rfd8 18. Rab1 Rac8 19. Rb5 b6 20. f4 Nb7 21. a4 Nd6 22. Rb2 Nf5 23. Ra1 h5 24. Kf3 Rc6 25. a5 Rdd6 26. axb6 axb6 27. Ra7 Re6 {Castillo Dalmau,A (2302)-Pla Almenar,N (2095) Torredembarra 2022 1-0 (49)}) ({RR} 13. d3 Bc6 14. Qb2+ Qd4 15. Qxd4+ cxd4 16. Nd2 Bxg2 17. Kxg2 Rfd8 18. Rab1 Rac8 19. Rb5 b6 20. f4 Nb7 21. a4 Nd6 22. Rb2 Nf5 23. Ra1 h5 24. Kf3 Rc6 25. a5 Rdd6 26. axb6 axb6 27. Ra7 Re6 {Castillo Dalmau,A (2302)-Pla Almenar,N (2095) Torredembarra 2022 1-0 (49)}) 13... Nxb7 14. Qb2+ Kg8 15. Qxb7 Bh3 16. Rd1 Be6 17. Qe4 Rb8 18. Nc3 Qd4 19. Qxd4 cxd4 20. Nd5 Bxd5 21. cxd5 d3 22. e4 f5 23. f3 fxe4 24. fxe4 Rb4 25. Re1 Rb2 26. Rad1 Rxa2 27. Re3 Ra3 28. Rc1 g5 29. g4 a5 30. Rc7 Rf7 31. e5 Ra4 32. h3 Rd4 33. e6 Rf8 34. Re5 Rd8 35. Rxg5+ Kf8 36. Rf5+ Kg8 37. Rxe7 R4xd5 38. Rff7 1-0

[Event "Las Vegas National op"]
[Site "Las Vegas"]
[Date "2018.06.24"]
[Round "6"]
[White "Chirila, Ioan Cristian"]
[Black "Moradiabadi, Elshan"]
[Result "1-0"]
[WhiteElo "2557"]
[BlackElo "2549"]
[PlyCount "65"]
[EventDate "2018.06.21"]
[EventType "swiss"]
[EventRounds "7"]
[EventCountry "USA"]
[SourceTitle "CBM 185 Extra"]
[Source "ChessBase"]
[SourceDate "2018.07.29"]
[SourceVersion "1"]
[SourceVersionDate "2018.07.29"]
[SourceQuality "1"]

1. Nf3 d5 2. g3 c6 3. Bg2 Bg4 4. h3 Bh5 5. O-O Nd7 6. d4 e6 7. c4 Be7 8. cxd5 exd5 9. Qb3 Qb6 10. Qe3 Nf8 11. Ne5 $146 ({RR} 11. Rd1 Ne6 12. g4 Bg6 13. Nc3 Bd6 14. Ne5 Ne7 15. f4 Bc2 16. Rd2 h5 17. Qf2 hxg4 18. Rxc2 gxh3 19. Bh1 Nf5 20. e3 h2+ 21. Kf1 Qa6+ 22. Ne2 Rh3 23. Ke1 Be7 24. Kd1 f6 25. Nf3 Qd3+ {Chandra,A (2503)-Moradiabadi,E (2549) Las Vegas 2018 0-1 (37)}) ({RR} 11. Nc3 Ne6 12. Rd1 Bxf3 13. exf3 Bf6 14. Ne2 Ne7 15. g4 g6 16. f4 O-O 17. Qd3 Rfe8 18. Be3 Nc8 19. f5 Ng5 20. b3 Ne4 21. f3 Ned6 22. fxg6 hxg6 23. Nc3 a5 24. Bf2 Na7 25. Re1 Nab5 {Kaidanov,G (2559)-Galaviz Medina,S (2398) Juan Dolio DOM 2023 1-0 (44)}) 11... Ne6 12. Rd1 Nh6 13. g4 Bg5 14. Qa3 Be7 15. Qa4 f6 16. Bxd5 fxe5 17. Bxe6 Bf7 18. Qc4 Bxe6 19. Qxe6 exd4 20. Bg5 Ng8 21. Nd2 c5 22. Qe5 Nf6 23. Ne4 Qc6 24. Bxf6 gxf6 25. Qh5+ Kf8 26. Ng3 Qe8 27. Qh6+ Kg8 28. Nf5 Qf7 29. e3 Bf8 30. exd4 Qg6 31. Qf4 h5 32. dxc5 hxg4 33. hxg4 1-0

[Event "chess.com Speed Inv Qual"]
[Site "Chess.com INT"]
[Date "2018.06.26"]
[Round "1.9"]
[White "Hansen, Eric"]
[Black "Hammer, Jon Ludvig"]
[Result "1-0"]
[WhiteElo "2629"]
[BlackElo "2631"]
[PlyCount "87"]
[EventDate "2018.06.26"]
[EventType "k.o. (blitz)"]
[EventRounds "2"]
[EventCountry "USA"]
[SourceTitle "CBM 185 Extra"]
[Source "ChessBase"]
[SourceDate "2018.07.29"]
[SourceVersion "1"]
[SourceVersionDate "2018.07.29"]
[SourceQuality "1"]

1. Nf3 d5 2. g3 Nf6 3. Bg2 c6 4. O-O Bg4 5. h3 Bh5 6. d3 e6 7. Qe1 ({RR} 7. c4 dxc4 8. dxc4 Nbd7 9. Nc3 Qc7 10. Bf4 e5 11. Be3 Bc5 12. Bxc5 Nxc5 13. b4 Ne6 14. Qc1 O-O 15. Nd2 a5 16. a3 axb4 17. axb4 Rxa1 18. Qxa1 Qb6 19. Qb2 Ra8 20. Rc1 Qa6 21. e3 Bg6 {Eljanov,P (2691)-Sjugirov,S (2703) Chennai IND 2023 0-1 (63)}) ({RR} 7. c4 Nbd7 8. Qb3 Nc5 9. Qc2 Be7 10. Be3 Rc8 11. Nbd2 O-O 12. Rfe1 a5 13. Rac1 Re8 14. b3 Ncd7 15. Qb2 Bd6 16. cxd5 exd5 17. Nf1 Qe7 18. Qc2 c5 19. Nh4 Qe6 20. Bd2 b6 21. e4 dxe4 {Hansen,E (2606)-Zubov,A (2598) Chess.com INT 2021 1-0 (61)}) 7... Bxf3 $146 ({RR} 7... Nbd7 8. e4 dxe4 9. dxe4 e5 10. Nh4 Bc5 11. Nf5 O-O 12. Nd2 a5 13. a4 Qb6 14. Nb3 Bb4 15. c3 Bd6 16. Nxa5 Bc7 17. b4 Qa6 18. g4 Bg6 19. Nb3 Qc4 20. Ra3 Bxf5 21. exf5 Nb6 22. Nc5 {Daneshvar,B (2428)-Altun,A (2274) Ayvalik 2022 1-0 (41)}) ({RR} 7... Be7 8. e4 O-O 9. Nbd2 b5 10. a4 b4 11. g4 Bg6 12. Ne5 Nfd7 13. Nxg6 hxg6 14. f4 Nc5 15. Kh1 b3 16. Nxb3 Nxb3 17. cxb3 Na6 18. f5 Nb4 19. Qe2 gxf5 20. exf5 exf5 21. gxf5 Bf6 22. Bd2 {To,N (2299)-Gagic,M (2309) chess.com INT 2025 0-1 (40)}) ({RR} 7... Be7 8. e4 O-O 9. Nbd2 a5 10. g4 Bg6 11. Ne5 a4 12. Nxg6 hxg6 13. a3 Qb6 14. Kh1 Nbd7 15. e5 Ne8 16. f4 c5 17. c4 dxc4 18. Nxc4 Qc7 19. f5 gxf5 20. gxf5 exf5 21. Rxf5 Ra6 22. Bf4 {Arabidze,M (2427)-Martic,I (2270) chess.com INT 2022 1-0 (32)}) 8. Bxf3 Bc5 9. Bg2 Qc7 10. e3 a5 11. b3 a4 12. b4 Bd6 13. c4 dxc4 14. dxc4 Be5 15. Nc3 a3 16. Rb1 O-O 17. Rb3 Na6 18. Bxa3 Nb8 19. b5 Rd8 20. b6 Qc8 21. f4 Bd6 22. Bxd6 Rxd6 23. e4 Rd3 24. Nd5 cxd5 25. Rxd3 dxe4 26. Bxe4 Nbd7 27. Qe3 Qxc4 28. Bxb7 Rxa2 29. Rc1 Qb4 30. Rb3 Qd6 31. Bf3 h5 32. b7 Kh7 33. Qd3+ Qxd3 34. Rxd3 Rb2 35. Rcc3 Rb1+ 36. Kf2 Rb2+ 37. Ke1 Nd5 38. Bxd5 exd5 39. Rb3 Nc5 40. Rxb2 Nxd3+ 41. Kf1 Nxb2 42. b8=Q Nd3 43. Qd6 h4 44. Qa3 1-0

[Event "chess.com Speed Inv Qual"]
[Site "Chess.com INT"]
[Date "2018.06.26"]
[Round "1.17"]
[White "Hansen, Eric"]
[Black "Hammer, Jon Ludvig"]
[Result "1-0"]
[WhiteElo "2629"]
[BlackElo "2631"]
[PlyCount "113"]
[EventDate "2018.06.26"]
[EventType "k.o. (blitz)"]
[EventRounds "2"]
[EventCountry "USA"]
[SourceTitle "CBM 185 Extra"]
[Source "ChessBase"]
[SourceDate "2018.07.29"]
[SourceVersion "1"]
[SourceVersionDate "2018.07.29"]
[SourceQuality "1"]

1. Nf3 d5 2. g3 Nf6 3. Bg2 g6 4. O-O Bg7 5. d3 O-O 6. Nbd2 Nc6 7. e4 e5 8. Re1 Re8 9. h3 ({RR} 9. c3 a5 10. b3 h6 11. Bb2 Be6 12. a3 dxe4 13. dxe4 Nd7 14. b4 Nb6 15. Bf1 axb4 16. axb4 Qe7 17. Qc2 Reb8 18. h3 Qf8 19. Nb3 Nc4 20. Nc5 Qc8 21. Rxa8 Rxa8 22. Ra1 Rxa1 23. Bxa1 Nd6 {Harikrishna,P (2685)-Gagunashvili,M (2578) Istanbul 2012 ½-½ (73)}) 9... h6 ({RR} 9... a5 10. a3 b6 11. Qe2 Bb7 12. b3 dxe4 13. dxe4 Nd4 14. Nxd4 Qxd4 15. Rb1 Ba6 16. Nc4 Rad8 17. Bb2 Bxc4 18. bxc4 Qd2 19. c5 bxc5 20. Qc4 Nd7 21. Bc3 Qxc2 22. Rec1 Nb6 23. Qxc5 Qa4 24. Qxa5 {Manolache,M (2408)-Garifulin,Y (2219) chess.com INT 2025 1-0 (54)}) 10. a3 a5 $146 ({RR} 10... Be6 11. b4 dxe4 12. dxe4 a5 13. Bb2 axb4 14. axb4 Rxa1 15. Bxa1 Nxb4 16. Bxe5 c5 17. Qb1 Re7 18. Bc3 Rd7 19. Nb3 b6 20. Ne5 Rc7 21. Nf3 Rd7 22. Nbd4 cxd4 23. Bxb4 d3 24. cxd3 Rxd3 25. Be7 {Movsesian,S (2677)-Landenbergue,C (2451) France 2008 1-0 (66)}) 11. b3 d4 12. Bb2 b6 13. Nc4 Ba6 14. Rc1 Nh7 15. c3 Ng5 16. cxd4 Nxf3+ 17. Qxf3 Nxd4 18. Qd1 c6 19. b4 axb4 20. axb4 Bb5 21. Ra1 Rxa1 22. Bxa1 h5 23. h4 Bh6 24. Bc3 Kh7 25. Kh2 Bf8 26. Rf1 Bh6 27. Qa1 f6 28. Qb2 Ba4 29. Ra1 b5 30. Na5 Qd7 31. Bxd4 exd4 32. f4 g5 33. Bh3 Qc7 34. hxg5 fxg5 35. f5 h4 36. Qf2 Bf8 37. Kg2 Bxb4 38. gxh4 Bxa5 39. hxg5 Kg8 40. f6 Qh7 41. Rh1 Qg6 42. Qh4 Bd2 43. Be6+ Rxe6 44. Qh8+ Kf7 45. Rh7+ Qxh7 46. Qxh7+ Ke8 47. Qg8+ Kd7 48. Qf7+ Kd6 49. Qf8+ Ke5 50. g6 Rxf6 51. Qe7+ Re6 52. Qg7+ Kf4 53. Qf7+ Ke5 54. g7 Bb3 55. g8=Q Kd6 56. Qd8+ Kc5 57. Qff8+ 1-0

[Event "Platja d'Aro Legends blitz"]
[Site "Platja d'Aro"]
[Date "2018.06.30"]
[Round "7"]
[White "Karpov, Anatoly"]
[Black "Vaisser, Anatoli"]
[Result "1-0"]
[WhiteElo "2623"]
[BlackElo "2502"]
[PlyCount "69"]
[EventDate "2018.06.29"]
[EventType "tourn (blitz)"]
[EventRounds "12"]
[EventCountry "ESP"]
[EventCategory "12"]
[SourceTitle "CBM 185 Extra"]
[Source "ChessBase"]
[SourceDate "2018.07.29"]
[SourceVersion "1"]
[SourceVersionDate "2018.07.29"]
[SourceQuality "1"]

1. Nf3 f5 2. d3 Nc6 3. d4 e6 4. c4 Nf6 5. d5 Bb4+ 6. Bd2 exd5 7. Bxb4 Nxb4 8. a3 Na6 $146 ({RR} 8... Nc6 9. cxd5 Ne7 10. Nc3 d6 11. g3 O-O 12. Bg2 Ng6 13. O-O f4 14. Nd4 fxg3 15. hxg3 Ng4 16. Qd2 N6e5 17. b3 Qe8 18. f3 Nf6 19. e4 Qh5 20. Rae1 Bd7 21. f4 Nfg4 22. Bh1 Nf7 23. Bf3 {Praggnanandhaa,R (2608)-Lagarde,M (2638) Chess.com INT 2021 1-0 (60)}) ({RR} 8... Nc6 9. cxd5 Ne7 10. Nc3 d6 11. g3 O-O 12. Bg2 Ng6 13. O-O f4 14. Nd4 fxg3 15. hxg3 Ng4 16. Qd2 N6e5 17. b3 Qe8 18. f3 Nf6 19. e4 Qh5 20. Rae1 Bd7 21. f4 Nfg4 22. Bh1 Nf7 23. Bf3 {Praggnanandhaa,R (2608)-Lagarde,M (2638) Chess.com INT 2021 1-0 (60)}) 9. cxd5 d6 10. b4 O-O 11. e3 Nb8 12. Ra2 a5 13. Rb2 axb4 14. axb4 Nbd7 15. Bc4 Nb6 16. Bb3 Bd7 17. Nc3 Ne4 18. Ne2 Qf6 19. Nfd4 Kh8 20. O-O c5 21. dxc6 bxc6 22. f3 Ng5 23. Rc2 Rac8 24. Qc1 Qe7 25. h4 Nf7 26. Nf4 c5 27. Nde6 c4 28. Nxf8 Rxf8 29. Bxc4 Ne5 30. Be2 Qxh4 31. Rc7 g5 32. Nd3 Nxd3 33. Bxd3 Qxb4 34. Rb7 Qa5 35. Qb2+ 1-0

[Event "Jerusalem Japhet Memorial Cup 4th"]
[Site "Jerusalem"]
[Date "2018.07.05"]
[Round "7"]
[White "Ivanchuk, Vassily"]
[Black "Gelfand, Boris"]
[Result "1-0"]
[WhiteElo "2710"]
[BlackElo "2703"]
[PlyCount "79"]
[EventDate "2018.07.02"]
[EventType "tourn (rapid)"]
[EventRounds "10"]
[EventCountry "ISR"]
[EventCategory "18"]
[SourceTitle "CBM 185"]
[Source "ChessBase"]
[SourceDate "2018.07.13"]
[SourceVersion "1"]
[SourceVersionDate "2018.07.13"]
[SourceQuality "1"]

1. Nf3 c5 2. g3 Nc6 3. Bg2 g6 4. c3 e5 5. d4 cxd4 6. cxd4 e4 7. Ne5 d5 8. Nxc6 bxc6 9. Nc3 Bg7 10. O-O Ne7 11. Na4 Nf5 ({RR} 11... h5 12. Bg5 h4 13. Rc1 f6 14. Bd2 Rb8 15. b3 g5 16. f3 hxg3 17. hxg3 Qd6 18. Qe1 Nf5 19. fxe4 dxe4 20. e3 Nxg3 21. Rxc6 Ne2+ 22. Qxe2 Qxc6 23. Nc5 f5 24. Qc4 Qc7 25. Rf2 Bf8 26. Qa4+ {Babula,V (2492)-Neugebauer,M (2509) Slovakia SVK 2025 ½-½ (36)}) 12. e3 h5 13. Qc2 Bd7 $146 ({RR} 13... Qf6 14. Bd2 Ba6 15. Rfe1 h4 16. Nc5 hxg3 17. hxg3 Bc8 18. Rac1 O-O 19. Bb4 Re8 20. Qa4 a5 21. Nb3 Bd7 22. Bxa5 Reb8 23. Nc5 Be8 24. b4 Nd6 25. Qc2 Qe7 26. Bf1 g5 27. a4 f5 28. Na6 {Plenkovic,Z (2404)-Zufic,M (2466) Bosnjaci 2014 1-0 (49)}) 14. Bd2 h4 15. Rfc1 hxg3 16. hxg3 Kf8 17. Nc5 Be8 18. Qb3 Kg8 19. Rc2 Bf8 20. Rac1 Qg5 21. Qb7 Rd8 22. Ba5 Nxg3 23. Bxd8 Qxd8 24. fxg3 Qg5 25. Qb8 Qxe3+ 26. Kf1 Rh5 27. g4 Rg5 28. Rc3 Qxd4 29. Qxe8 Rxg4 30. Nd7 Rf4+ 31. Bf3 e3 32. Rxe3 Kh7 33. Nxf8+ Kg7 34. Qe7 Kg8 35. Rxc6 Qd1+ 36. Kg2 Qd2+ 37. Re2 Qd3 38. Rc3 Qd4 39. Nxg6 fxg6 40. Rc8+ 1-0

[Event "Titled Tuesday intern op 3rd July"]
[Site "Chess.com INT"]
[Date "2018.07.03"]
[Round "4"]
[White "Ali Marandi, Cemil Can"]
[Black "Bluebaum, Matthias"]
[Result "1-0"]
[WhiteElo "2540"]
[BlackElo "2630"]
[PlyCount "78"]
[EventDate "2018.07.03"]
[EventType "swiss (blitz)"]
[EventRounds "10"]
[EventCountry "USA"]
[SourceTitle "EXT 2021"]
[Source "ChessBase"]
[SourceDate "2020.10.23"]
[SourceVersion "1"]
[SourceVersionDate "2020.10.23"]
[SourceQuality "1"]

1. Nf3 d5 2. g3 Bg4 3. Bg2 c6 4. O-O Nd7 5. d4 e6 6. Nbd2 Bxf3 7. Bxf3 f5 8. c4 Ngf6 9. Qb3 Rb8 $146 ({RR} 9... Qb6 10. Qe3 e5 11. cxd5 cxd5 12. Bg2 e4 13. Bh3 g6 14. Nb3 a5 15. Qc3 a4 16. Nc5 Nxc5 17. dxc5 Bxc5 18. Bg5 O-O 19. Rad1 Rad8 20. e3 Kg7 21. Rc1 Bb4 22. Qc2 Qa5 23. Rfd1 Rd7 24. Rd4 {Naroditsky,D (2335)-Bukavshin,I (2365) Kirishi 2009 1-0 (53)}) ({RR} 9... Qb6 10. Qe3 Kf7 11. Bg2 g6 12. c5 Qc7 13. b4 a5 14. Rb1 Bg7 15. b5 e5 16. Qa3 exd4 17. Bb2 Rhe8 18. Bxd4 Rxe2 19. Nf3 Nf8 20. Be3 Ne6 21. bxc6 bxc6 22. Qa4 Rxe3 23. fxe3 Nxc5 24. Qxc6 {Nebolsina,V (2186)-Kharchenko,B (2467) Kazan 2016 1-0}) 10. Qe3 Kf7 11. Bg2 h6 12. Nf3 Ng4 13. Qb3 Bd6 14. h3 Ngf6 15. Qc2 Re8 16. b3 Ne4 17. Bb2 Kg8 18. Rad1 Qf6 19. Ne1 h5 20. h4 g5 21. hxg5 Qxg5 22. Nf3 Qf6 23. Bc1 Kf7 24. Bf4 Bxf4 25. gxf4 Rg8 26. Kh2 Rg4 27. e3 Rbg8 28. Bh3 Kf8 29. b4 Qe7 30. b5 R8g6 31. bxc6 bxc6 32. cxd5 exd5 33. Rb1 Kg7 34. Rb7 Kh6 35. Bxg4 fxg4 36. Rxd7 Qxd7 37. Ne5 Qd6 38. Nf7+ Kg7 39. Nxd6 Rxd6 1-0